00566cam a22001691i 4500001001300000003000400013005001700017008004100034010001700075040001800092050002200110100002500132245013700157260005000294300003500344999001700379tmp96031104 DLC20260227112757.0120918s2000 dcuc 000 0 eng  atmp96031104  aDLCcDLCdDLC00aHC79.P6bW65 20001 aWolfensohn, James D.10aBuilding an equitable world :baddress to the Board of Governors, Prague, Czeck Republic, September 26, 2000 /cJames D. Wolfensohn. aWashington DC :bThe World Bank Group,c2000. a18 p. :bfront port. ;c22 cm. c91285d91285